<?xml version="1.0" encoding="UTF-8"?>
<record
    xmlns:xsi="http://www.w3.org/2001/XMLSchema-instance"
    xsi:schemaLocation="http://www.loc.gov/MARC21/slim http://www.loc.gov/standards/marcxml/schema/MARC21slim.xsd"
    xmlns="http://www.loc.gov/MARC21/slim">

  <leader>01084nam a22002297a 4500</leader>
  <controlfield tag="003">OSt</controlfield>
  <controlfield tag="005">20220425094139.0</controlfield>
  <controlfield tag="008">110301s2016    dr a          000 0 spa d</controlfield>
  <datafield tag="040" ind1=" " ind2=" ">
    <subfield code="a">DO-SdBNP</subfield>
    <subfield code="b">spa</subfield>
    <subfield code="c">BNPHU</subfield>
  </datafield>
  <datafield tag="082" ind1=" " ind2=" ">
    <subfield code="a">xxxx</subfield>
    <subfield code="b">xxx</subfield>
  </datafield>
  <datafield tag="100" ind1="1" ind2=" ">
    <subfield code="a">Cabrera, Angela</subfield>
    <subfield code="9">53018</subfield>
  </datafield>
  <datafield tag="245" ind1="1" ind2="3">
    <subfield code="a">El amor en la familia :</subfield>
    <subfield code="b">13 consejos para amar hasta la santidad /</subfield>
    <subfield code="c">Angela Cabrera ; revisi&#xF3;n Jos&#xE9; Dolores Grull&#xF3;n Estrella</subfield>
  </datafield>
  <datafield tag="250" ind1=" " ind2=" ">
    <subfield code="a">2a. ed.</subfield>
  </datafield>
  <datafield tag="260" ind1=" " ind2=" ">
    <subfield code="a">Santo Domingo :</subfield>
    <subfield code="b">Instituto Nacional de Pastoral, </subfield>
    <subfield code="c">2016</subfield>
  </datafield>
  <datafield tag="300" ind1=" " ind2=" ">
    <subfield code="a">43 p. :</subfield>
    <subfield code="b">il.</subfield>
    <subfield code="c">22 cm.</subfield>
  </datafield>
  <datafield tag="504" ind1=" " ind2=" ">
    <subfield code="a">Bibliograf&#xED;a p: 43</subfield>
  </datafield>
  <datafield tag="505" ind1="0" ind2=" ">
    <subfield code="g">Presentaci&#xF3;n --</subfield>
    <subfield code="g">Primera carta a los Corintios 13,4-7 --</subfield>
    <subfield code="t">Cultivar la paciencia --</subfield>
    <subfield code="t">Actitud de servicio --</subfield>
    <subfield code="t">Sanando la envidia --</subfield>
    <subfield code="t">
Sin hacer alarde ni agrandarse --</subfield>
    <subfield code="t">Amabilidad --</subfield>
    <subfield code="t">Desprendimiento --</subfield>
    <subfield code="t">Sin violencia interior --</subfield>
    <subfield code="t">Perd&#xF3;n --</subfield>
    <subfield code="t">Alegrarse con los dem&#xE1;s --</subfield>
    <subfield code="t">Disculpa todo --</subfield>
    <subfield code="t">Conf&#xED;a --</subfield>
    <subfield code="t">Espera --</subfield>
    <subfield code="t">Soporta todo --</subfield>
    <subfield code="t">Consideraciones finales /</subfield>
  </datafield>
  <datafield tag="590" ind1=" " ind2=" ">
    <subfield code="a">Inventariado, 2022/ YL</subfield>
  </datafield>
  <datafield tag="700" ind1="1" ind2="2">
    <subfield code="4">Grull&#xF3;n Estrella, Jos&#xE9; Dolores</subfield>
    <subfield code="e">rev.</subfield>
  </datafield>
  <datafield tag="910" ind1=" " ind2=" ">
    <subfield code="a">YLockward</subfield>
  </datafield>
  <datafield tag="942" ind1=" " ind2=" ">
    <subfield code="2">ddc</subfield>
    <subfield code="c">LF2</subfield>
  </datafield>
  <datafield tag="952" ind1=" " ind2=" ">
    <subfield code="0">0</subfield>
    <subfield code="1">0</subfield>
    <subfield code="2">ddc</subfield>
    <subfield code="5">3</subfield>
    <subfield code="7">0</subfield>
    <subfield code="8">PD-F</subfield>
    <subfield code="a">BNPHU</subfield>
    <subfield code="b">BNPHU</subfield>
    <subfield code="c">CT</subfield>
    <subfield code="d">2018-02-19</subfield>
    <subfield code="l">0</subfield>
    <subfield code="o">xxxx xxx</subfield>
    <subfield code="p">2022-1509</subfield>
    <subfield code="r">2022-04-25</subfield>
    <subfield code="w">2022-04-25</subfield>
    <subfield code="y">LF2</subfield>
  </datafield>
  <datafield tag="999" ind1=" " ind2=" ">
    <subfield code="c">51567</subfield>
    <subfield code="d">51567</subfield>
  </datafield>
</record>
